[Event "10th Zudov Mem 2014"]
[Site "Nizhny Tagil RUS"]
[Date "2014.09.11"]
[Round "1.1"]
[White "Andriasian, Zaven"]
[Black "Romanov, Sergej"]
[Result "1-0"]
[WhiteTitle "GM"]
[WhiteElo "2622"]
[BlackElo "2125"]
[WhiteFideId "13302000"]
[BlackFideId "34196940"]
[EventDate "2014.09.11"]

1. e4 c5 2. Nf3 d6 3. d4 cxd4 4. Nxd4 Nf6 5. Nc3 a6 6. Be3 e6 7. a4 b6 8. Bd3
Be7 9. f4 Qc7 10. g4 Nc6 11. g5 Nd7 12. Qe2 Bb7 13. h4 Nxd4 14. Bxd4 e5 15. Be3
exf4 16. Bxf4 O-O 17. O-O-O Ne5 18. h5 b5 19. Rhg1 bxa4 20. Bxe5 dxe5 21. g6
Rac8 22. gxf7+ Rxf7 23. Nd5 Bxd5 24. exd5 a3 25. Qe4 axb2+ 26. Kb1 g6 27. hxg6
Rf4 28. gxh7+ Kh8 29. Qg6 Bg5 30. Qxg5 Rff8 31. d6 Qa5 32. Qg7# 1-0

[Event "10th Zudov Mem 2014"]
[Site "Nizhny Tagil RUS"]
[Date "2014.09.11"]
[Round "1.2"]
[White "Komarov, Alexander"]
[Black "Goganov, Aleksey"]
[Result "0-1"]
[BlackTitle "GM"]
[WhiteElo "2106"]
[BlackElo "2608"]
[WhiteFideId "4178360"]
[BlackFideId "24109959"]
[EventDate "2014.09.11"]

1. e4 c5 2. Nf3 e6 3. d4 cxd4 4. Nxd4 Nc6 5. Nc3 Qc7 6. Be2 Nf6 7. O-O Be7 8.
Kh1 O-O 9. f4 d6 10. Be3 a6 11. Qe1 Nxd4 12. Bxd4 b5 13. e5 dxe5 14. Bxe5 Qb6
15. Qg3 Bb7 16. Bd3 Nh5 17. Qh3 g6 18. f5 exf5 19. Rxf5 gxf5 20. Bxf5 Qh6 21.
Bg4 Nf4 0-1

[Event "10th Zudov Mem 2014"]
[Site "Nizhny Tagil RUS"]
[Date "2014.09.11"]
[Round "1.3"]
[White "Savchenko, Boris"]
[Black "Kopjonkin, Kirill"]
[Result "1-0"]
[WhiteTitle "GM"]
[WhiteElo "2608"]
[BlackElo "2073"]
[WhiteFideId "4147332"]
[BlackFideId "24140090"]
[EventDate "2014.09.11"]

1. e4 c5 2. Nf3 Nc6 3. Nc3 g6 4. d4 cxd4 5. Nxd4 Bg7 6. Be3 Nf6 7. Bc4 d6 8. f3
O-O 9. Qd2 Bd7 10. O-O-O Ne5 11. Be2 a6 12. Kb1 b5 13. g4 b4 14. Nd5 Nxd5 15.
exd5 Qa5 16. Bh6 Bxh6 17. Qxh6 f6 18. f4 Nxg4 19. Bxg4 Bxg4 20. f5 g5 21. h4 Rf7
22. hxg5 Qd8 1-0

[Event "10th Zudov Mem 2014"]
[Site "Nizhny Tagil RUS"]
[Date "2014.09.11"]
[Round "1.4"]
[White "Ginosyan, Razmik"]
[Black "Demchenko, Anton"]
[Result "0-1"]
[BlackTitle "GM"]
[WhiteElo "2048"]
[BlackElo "2588"]
[WhiteFideId "24190144"]
[BlackFideId "4160258"]
[EventDate "2014.09.11"]

1. e4 e5 2. Nf3 Nc6 3. Nc3 Nf6 4. Be2 Bd6 5. O-O O-O 6. d4 exd4 7. Nxd4 Be5 8.
Be3 Re8 9. Bf3 d6 10. Re1 Bd7 11. h3 Qc8 12. Nxc6 bxc6 13. Qd3 a5 14. Bd4 Qb7
15. g4 h6 16. Bxe5 Rxe5 17. Bg2 g5 18. Ne2 Rae8 19. f4 Qb6+ 20. Kh1 Nxe4 21. Qf3
gxf4 22. Rf1 Ng5 23. Qxf4 Rxe2 24. h4 Qe3 25. hxg5 Qxf4 26. Rxf4 hxg5 27. Rc4 c5
28. a4 R8e3 29. Rf1 Be6 30. Rc3 Rxc3 31. bxc3 Rxc2 0-1

[Event "10th Zudov Mem 2014"]
[Site "Nizhny Tagil RUS"]
[Date "2014.09.11"]
[Round "1.5"]
[White "Bocharov, Dmitry"]
[Black "Lupynin, Viacheslav"]
[Result "1-0"]
[WhiteTitle "GM"]
[WhiteElo "2575"]
[BlackElo "2031"]
[WhiteFideId "4138716"]
[BlackFideId "24193461"]
[EventDate "2014.09.11"]

1. d4 Nf6 2. c4 c5 3. d5 b5 4. Nf3 g6 5. cxb5 a6 6. b6 d6 7. Nc3 Bg7 8. e4 Nbd7
9. a4 Qxb6 10. a5 Qc7 11. Be2 Rb8 12. O-O Rb4 13. Nd2 O-O 14. Nc4 Ne5 15. Nxe5
dxe5 16. Qc2 Bd7 17. Be3 Rfb8 18. Ra2 Ne8 19. Rc1 Nd6 20. f3 Nc4 21. Bxc4 Rxc4
22. b3 Rcb4 23. Ra3 c4 24. Nd1 Qd6 25. bxc4 Rxc4 26. Qxc4 Qxa3 27. Qc7 Qb4 28.
h3 Qb7 29. Ba7 Qxc7 30. Rxc7 Rd8 31. Bb6 1-0

[Event "10th Zudov Mem 2014"]
[Site "Nizhny Tagil RUS"]
[Date "2014.09.11"]
[Round "1.6"]
[White "Dashevskaya, Larisa"]
[Black "Maletin, Pavel"]
[Result "0-1"]
[BlackTitle "GM"]
[WhiteElo "2030"]
[BlackElo "2570"]
[WhiteFideId "4178106"]
[BlackFideId "4146786"]
[EventDate "2014.09.11"]

1. d4 Nf6 2. Nf3 e6 3. e3 b6 4. Bd3 Bb7 5. Nbd2 c5 6. O-O Nc6 7. b3 Be7 8. Bb2
O-O 9. c4 cxd4 10. exd4 d5 11. Rc1 Rc8 12. Bb1 Re8 13. Re1 Bd6 14. Ne5 Ne7 15.
f4 Ng6 16. f5 exf5 17. Bxf5 Rc7 18. Ndf3 Rce7 19. Qd2 dxc4 20. Bxg6 hxg6 21.
Nxc4 Bxf3 22. gxf3 Bf4 23. Qxf4 Rxe1+ 24. Rxe1 Rxe1+ 25. Kf2 Nd5 26. Qg4 Qe8 27.
Ne5 Rf1+ 28. Ke2 Rb1 29. Ba3 f6 30. Qd7 Qxd7 31. Nxd7 Ra1 32. Kd3 Rxa2 33. Bd6
Kf7 34. Bg3 Ra1 35. Kc4 Ke7 36. Nb8 Ke6 37. Kd3 Rc1 38. Kd2 Rc3 39. b4 a5 40.
bxa5 bxa5 41. Na6 Rxf3 42. Nc5+ Kf5 43. Ke2 Ra3 44. Bd6 g5 45. Bf8 a4 46. Bxg7
Re3+ 47. Kd2 a3 48. Kc2 a2 49. Kb2 Ra3 50. Ka1 Nb4 0-1

[Event "10th Zudov Mem 2014"]
[Site "Nizhny Tagil RUS"]
[Date "2014.09.11"]
[Round "1.7"]
[White "Shomoev, Anton"]
[Black "Radzhabov, Rodion"]
[Result "1-0"]
[WhiteTitle "GM"]
[WhiteElo "2568"]
[BlackElo "1994"]
[WhiteFideId "4135148"]
[BlackFideId "884715"]
[EventDate "2014.09.11"]

1. e4 c5 2. Nf3 Nc6 3. d4 cxd4 4. Nxd4 Qc7 5. Nc3 e6 6. Be3 a6 7. Qd2 Nf6 8.
O-O-O Nxd4 9. Qxd4 Ng4 10. Qb6 Qc6 11. Bd4 e5 12. Be3 Be7 13. Nd5 Bd8 14. Qb3
Nxe3 15. Qxe3 O-O 16. Bd3 d6 17. c3 Be6 18. Bc2 Bxd5 19. Rxd5 b5 20. Rhd1 Be7
21. Kb1 a5 22. Bd3 Rab8 23. Rc1 Rfc8 24. Rc2 Rb7 25. Qe2 Rcb8 26. g3 Qe8 27. Rd2
b4 28. c4 a4 29. c5 dxc5 30. Bc4 a3 31. b3 Rd8 32. Rxe5 Rxd2 33. Qxd2 Rd7 34.
Rd5 Rxd5 35. Qxd5 g6 36. f4 Kg7 37. Kc2 Bd8 38. Kd3 Qe7 39. Ke3 Qf6 40. e5 Qf5
41. g4 Qe6 42. Qxe6 fxe6 43. Bxe6 Be7 44. Ke4 h6 45. f5 1-0

[Event "10th Zudov Mem 2014"]
[Site "Nizhny Tagil RUS"]
[Date "2014.09.11"]
[Round "1.8"]
[White "Scherbakov, Mikhail"]
[Black "Kryakvin, Dmitry"]
[Result "0-1"]
[BlackTitle "GM"]
[WhiteElo "1988"]
[BlackElo "2562"]
[WhiteFideId "34130184"]
[BlackFideId "4153278"]
[EventDate "2014.09.11"]

1. e4 c5 2. Nf3 Nc6 3. Bb5 d6 4. O-O Bd7 5. Re1 Nf6 6. d4 cxd4 7. Nxd4 e6 8. Nc3
Be7 9. f4 O-O 10. Be3 Rc8 11. Bd3 a6 12. Qf3 b5 13. g4 Nxd4 14. Bxd4 b4 15. Ne2
e5 16. g5 exd4 17. gxf6 Bxf6 18. Ng3 g6 19. Re2 a5 20. Rae1 Bg7 21. f5 Rc5 22.
h4 Qxh4 23. Rh2 Qg5 24. Kh1 Bc6 25. Rg1 Re5 26. Rh3 d5 27. fxg6 fxg6 28. Nf5 Qf6
29. Qg4 Rxe4 30. Bxe4 dxe4 31. Nxd4 Bd5 0-1

[Event "10th Zudov Mem 2014"]
[Site "Nizhny Tagil RUS"]
[Date "2014.09.11"]
[Round "1.9"]
[White "Yudin, Sergei"]
[Black "Mukhina, Jana"]
[Result "1-0"]
[WhiteTitle "GM"]
[WhiteElo "2545"]
[BlackElo "1972"]
[WhiteFideId "4159659"]
[BlackFideId "34115428"]
[EventDate "2014.09.11"]

1. e4 e5 2. Nf3 Nc6 3. Bc4 Bc5 4. d3 Nf6 5. Nbd2 O-O 6. O-O d6 7. c3 a6 8. Bb3
Re8 9. Re1 Ng4 10. Re2 h6 11. Nf1 Be6 12. Bxe6 fxe6 13. d4 exd4 14. cxd4 Bb6 15.
Ng3 Ne7 16. Qc2 c5 17. h3 Nf6 18. e5 Nfd5 19. exd6 Qxd6 20. Ne4 Qc7 21. dxc5
Rac8 22. b4 Ba7 23. Qb3 Bb8 24. Nd6 Rf8 25. Rxe6 1-0

[Event "10th Zudov Mem 2014"]
[Site "Nizhny Tagil RUS"]
[Date "2014.09.11"]
[Round "1.10"]
[White "Matskevich, Ivan"]
[Black "Ovetchkin, Roman"]
[Result "0-1"]
[BlackTitle "GM"]
[WhiteElo "1949"]
[BlackElo "2524"]
[WhiteFideId "34191930"]
[BlackFideId "4119991"]
[EventDate "2014.09.11"]

1. e4 c6 2. d4 d5 3. Nc3 dxe4 4. Nxe4 Bf5 5. Ng3 Bg6 6. h4 h6 7. h5 Bh7 8. Nf3
Nd7 9. Bd3 Bxd3 10. Qxd3 e6 11. Bd2 Ngf6 12. O-O-O Be7 13. Kb1 Qb6 14. c4 O-O
15. Rhe1 Rfd8 16. Qe2 a5 17. Ne5 c5 18. Nxd7 Rxd7 19. dxc5 Bxc5 20. Bc3 Bd4 21.
Bxd4 Rxd4 22. Rxd4 Qxd4 23. Rd1 Qf4 24. Qd2 Qxc4 25. Rc1 Qb5 26. Qd4 Qd5 27.
Qxd5 Nxd5 28. Ne2 Kf8 29. Rc4 Rd8 30. a3 Ke7 31. Kc2 Rd7 32. Nc3 Nxc3 33. Kxc3
g6 34. hxg6 fxg6 35. Ra4 Rd5 36. b4 axb4+ 37. axb4 Kf6 38. Ra7 b5 39. Rc7 h5 40.
f4 Kf5 41. Rf7+ Ke4 42. Rf6 Rd3+ 43. Kc2 Rg3 44. Rxe6+ Kxf4 45. Rf6+ Ke3 46. Rb6
Rxg2+ 47. Kc3 Rg5 0-1

[Event "10th Zudov Mem 2014"]
[Site "Nizhny Tagil RUS"]
[Date "2014.09.11"]
[Round "1.11"]
[White "Matsenko, Sergei"]
[Black "Guterman, Ilja"]
[Result "1-0"]
[WhiteTitle "IM"]
[WhiteElo "2485"]
[BlackElo "1883"]
[WhiteFideId "4170083"]
[BlackFideId "24121959"]
[EventDate "2014.09.11"]

1. Nf3 c5 2. e4 e6 3. b3 Nc6 4. Bb2 a6 5. c4 d6 6. d4 cxd4 7. Nxd4 e5 8. Nc2 Nf6
9. Nc3 Be7 10. Be2 O-O 11. O-O Be6 12. Bf3 h6 13. Nd5 b5 14. Ba3 Ne8 15. Be2
bxc4 16. Bxc4 Na5 17. Be2 Nb7 18. Ncb4 Bxd5 19. Qxd5 Nc5 20. Nc6 Nf6 21. Nxd8
Nxd5 22. Nc6 Nxe4 23. Bc4 Nec3 24. Nxe7+ Nxe7 25. Bxd6 Rfe8 26. Bxe5 Ne4 27.
Rad1 Ng6 28. Bb2 Nc5 29. Rd5 Ne6 30. g3 Red8 31. Rfd1 Rxd5 32. Rxd5 Ne7 33. Rd7
Nc6 34. Bxe6 fxe6 35. Rxg7+ Kf8 36. Rc7 Nb4 37. Ba3 a5 38. Rh7 Kg8 39. Rxh6 Kf7
40. Bxb4 axb4 41. Rh4 1-0

[Event "10th Zudov Mem 2014"]
[Site "Nizhny Tagil RUS"]
[Date "2014.09.11"]
[Round "1.12"]
[White "Chapkovskiy, Jakov"]
[Black "Smirnov, Alexey"]
[Result "0-1"]
[WhiteElo "1827"]
[BlackElo "2466"]
[WhiteFideId "24140066"]
[BlackFideId "4168437"]
[EventDate "2014.09.11"]

1. e4 c5 2. Nf3 d6 3. d4 cxd4 4. Nxd4 Nf6 5. Nc3 a6 6. Be2 e5 7. Nf3 Be7 8. O-O
O-O 9. Bc4 Be6 10. Bd5 Bxd5 11. exd5 Nbd7 12. Re1 b5 13. a3 Nb6 14. Be3 Rc8 15.
Bxb6 Qxb6 16. h3 a5 17. Qd3 b4 18. axb4 axb4 19. Ra6 Qc5 20. Na4 Qxc2 21. Qb5
Rb8 22. Qc6 Rfc8 23. Qxc2 Rxc2 24. Ra7 Kf8 25. b3 Nxd5 26. Rd1 Nf6 27. Kf1 Ne4
28. Nb6 Rxb6 29. Ra8+ Bd8 30. Rxd8+ Ke7 31. Ra8 Rxf2+ 32. Kg1 Rc2 0-1

[Event "10th Zudov Mem 2014"]
[Site "Nizhny Tagil RUS"]
[Date "2014.09.11"]
[Round "1.13"]
[White "Yuffa, Daniil"]
[Black "Povodyr, Alexander"]
[Result "1-0"]
[WhiteTitle "IM"]
[WhiteElo "2449"]
[BlackElo "1811"]
[WhiteFideId "24131423"]
[BlackFideId "4195361"]
[EventDate "2014.09.11"]

1. g3 Nf6 2. Bg2 d5 3. Nf3 Nbd7 4. O-O e5 5. d3 Bd6 6. Nbd2 O-O 7. e4 c6 8. Qe2
dxe4 9. dxe4 Qc7 10. b3 b6 11. Bb2 Re8 12. Rad1 a5 13. Nc4 Bf8 14. Nh4 Nc5 15.
Nf5 Ba6 16. f4 Bxc4 17. Qxc4 b5 18. Qe2 Ncd7 19. Kh1 exf4 20. gxf4 g6 21. Ng3
Bg7 22. c4 bxc4 23. Qxc4 Nb6 24. Qc1 Rad8 25. Rde1 Rd3 26. e5 Nfd5 27. Be4 Nb4
28. a3 Rxg3 29. hxg3 N4d5 30. Qc5 Bf8 31. Qf2 a4 32. b4 Nc4 33. Qd4 Nxb2 34.
Qxb2 Qd7 35. Kh2 Rb8 36. Qg2 Rb5 37. Rd1 Qe6 38. Bxd5 cxd5 39. Rd2 Qc6 40. Rc2
Qe8 41. Rd1 h5 42. Rxd5 h4 43. gxh4 Bh6 44. Kg3 Rb8 45. Qe4 Qe6 46. Rc6 Qe8 47.
e6 f5 48. Qc4 Kh8 49. Rd7 Bg7 50. Rcc7 1-0

[Event "10th Zudov Mem 2014"]
[Site "Nizhny Tagil RUS"]
[Date "2014.09.11"]
[Round "1.14"]
[White "Yumshanov, Leonid"]
[Black "Harutjunyan, Gevorg"]
[Result "0-1"]
[BlackTitle "GM"]
[WhiteElo "1787"]
[BlackElo "2444"]
[WhiteFideId "24140198"]
[BlackFideId "13300873"]
[EventDate "2014.09.11"]

1. e4 c6 2. Nc3 d5 3. Nf3 Bg4 4. h3 Bxf3 5. Qxf3 Nf6 6. exd5 cxd5 7. d4 Nc6 8.
Bb5 e6 9. Bg5 Be7 10. O-O O-O 11. Rad1 Rc8 12. h4 Qb6 13. Bxc6 Rxc6 14. b3 Qa5
15. Rd3 Rfc8 16. Ne2 Rxc2 17. h5 h6 18. Bh4 Qxa2 19. Nf4 Rc1 20. g4 Rxf1+ 21.
Kxf1 Rc1+ 22. Rd1 Rxd1+ 23. Qxd1 Ne4 24. Bg3 Qxb3 25. Qe1 Qc4+ 26. Kg2 Qxd4 27.
Qc1 Qc4 0-1

[Event "10th Zudov Mem 2014"]
[Site "Nizhny Tagil RUS"]
[Date "2014.09.11"]
[Round "1.15"]
[White "Vokarev, Sergey"]
[Black "Kolyadin, Alexander"]
[Result "1-0"]
[WhiteTitle "GM"]
[WhiteElo "2437"]
[BlackElo "1706"]
[WhiteFideId "4119711"]
[BlackFideId "24145327"]
[EventDate "2014.09.11"]

1. e4 e6 2. d4 d5 3. exd5 exd5 4. Nf3 Bg4 5. Qe2+ Be7 6. Qb5+ Qd7 7. Qxb7 Qe6+
8. Ne5 Bd6 9. Bb5+ c6 10. Bxc6+ Nxc6 11. Qxc6+ Ke7 12. Bg5+ f6 13. Qb7+ Bc7 14.
Nc3 Rc8 15. Nxd5+ Kd8 16. Ne3 Ba5+ 17. b4 Bc7 18. N5xg4 fxg5 19. Qd5+ Qxd5 20.
Nxd5 Bd6 21. c3 h5 22. Nge3 Nf6 23. Nxf6 gxf6 24. Kd2 Bf4 25. Kd3 Bxe3 26. fxe3
f5 27. Rhf1 Rf8 28. c4 Kd7 29. a4 h4 30. c5 Rb8 31. b5 a6 32. Rab1 axb5 33. axb5
Ra8 34. Ra1 Rab8 35. Ra7+ Ke6 36. Rfa1 Kd5 37. Rd7+ Ke6 38. Rd6+ Kf7 39. Ra7+
Ke8 40. c6 f4 41. Re6+ Kd8 42. c7+ 1-0

[Event "10th Zudov Mem 2014"]
[Site "Nizhny Tagil RUS"]
[Date "2014.09.11"]
[Round "1.16"]
[White "Farbshtain, Danil"]
[Black "Ivanov, Andrew"]
[Result "0-1"]
[BlackTitle "IM"]
[WhiteElo "1659"]
[BlackElo "2407"]
[WhiteFideId "24140074"]
[BlackFideId "4188080"]
[EventDate "2014.09.11"]

1. Nf3 d5 2. d4 c6 3. e3 Nf6 4. c4 e6 5. Nc3 Nbd7 6. Qc2 Bd6 7. Bd2 O-O 8. e4 e5
9. O-O-O exd4 10. Nxd4 Be5 11. Bg5 Qb6 12. Nf5 dxe4 13. Be3 Qa5 14. Bd4 Bxd4 15.
Nxd4 Re8 16. Re1 Qc5 17. Nb3 Qf5 18. Kb1 Nb6 19. Nd2 Qxf2 20. Re2 Qd4 21. Nb3
Qe5 22. Re3 Bf5 23. Ka1 Ng4 24. Re1 Rad8 25. h3 e3 26. Qe2 Nf2 27. Rg1 Qh2 28.
g4 Bd3 29. Rg2 Qf4 30. Rxf2 Qxf2 31. Qxf2 exf2 32. Rxe8+ Rxe8 33. Bxd3 Re3 34.
Nc5 Rxd3 35. Nxd3 f1=Q+ 0-1

[Event "10th Zudov Mem 2014"]
[Site "Nizhny Tagil RUS"]
[Date "2014.09.11"]
[Round "1.17"]
[White "Kanter, Eduard"]
[Black "Makhnev, Petr"]
[Result "1/2-1/2"]
[WhiteTitle "IM"]
[WhiteElo "2401"]
[BlackElo "1519"]
[WhiteFideId "4103963"]
[BlackFideId "24193470"]
[EventDate "2014.09.11"]

1. Nf3 e6 2. c4 Nf6 3. g3 b6 4. Bg2 c6 5. O-O Be7 6. d4 Ba6 7. b3 O-O 8. Nc3 d5
9. Qd3 Nbd7 10. Rd1 Rc8 11. e4 dxe4 12. Nxe4 Nxe4 13. Qxe4 Nf6 14. Qc2 b5 15.
Ne5 Bb7 16. Bf4 Qa5 17. a4 bxc4 18. bxc4 Qa6 19. Rab1 Ba8 20. c5 Nd5 21. Bd2 Rc7
22. Bf1 Qc8 23. Ba5 Rd8 24. Bd3 g6 25. Rb3 f6 26. Nf3 Qd7 27. Rdb1 Kg7 28. Bc4
Rf8 29. Bxc7 Nxc7 30. Rb8 Bd8 31. Qe4 Re8 32. Qf4 Na6 33. Rxa8 Bc7 34. Rxa7 1/2-1/2

[Event "10th Zudov Mem 2014"]
[Site "Nizhny Tagil RUS"]
[Date "2014.09.11"]
[Round "1.18"]
[White "Shishkin, Mikhail"]
[Black "Khegay, Dmitriy"]
[Result "0-1"]
[BlackTitle "FM"]
[WhiteElo "1448"]
[BlackElo "2375"]
[WhiteFideId "2805656"]
[BlackFideId "24153729"]
[EventDate "2014.09.11"]

1. d4 Nf6 2. c4 e6 3. Nc3 Bb4 4. Bd2 d5 5. e3 O-O 6. Nf3 c5 7. a3 Bxc3 8. Bxc3
cxd4 9. exd4 dxc4 10. Bxc4 b6 11. O-O Bb7 12. Ne5 Nbd7 13. Qb3 Nd5 14. Bd2 Rc8
15. Rac1 N7f6 16. Bg5 h6 17. Bh4 Nf4 18. Nf3 Bxf3 19. Qxf3 Qxd4 20. Ba6 Rxc1 21.
Rxc1 Rd8 22. Bxf6 Qxf6 23. g3 Nd5 24. Qe2 Qg5 25. Qc4 Qd2 26. Rc2 Qd1+ 27. Kg2
Nf6 28. Qe2 Qxe2 29. Rxe2 Kf8 30. Rc2 Ke7 31. f4 Nd5 32. Kf3 Rd7 33. h4 Rc7 34.
Re2 Rc1 35. Kf2 g6 36. Rd2 h5 37. Bb7 Nf6 38. Ba6 Ne4+ 39. Ke3 Nxd2 40. Kxd2 Rg1
41. b4 Rxg3 42. a4 Rg4 43. a5 bxa5 0-1

[Event "10th Zudov Mem 2014"]
[Site "Nizhny Tagil RUS"]
[Date "2014.09.12"]
[Round "2.1"]
[White "Harutjunyan, Gevorg"]
[Black "Andriasian, Zaven"]
[Result "1/2-1/2"]
[WhiteTitle "GM"]
[BlackTitle "GM"]
[WhiteElo "2444"]
[BlackElo "2622"]
[WhiteFideId "13300873"]
[BlackFideId "13302000"]
[EventDate "2014.09.11"]

1. d4 d5 2. c4 c6 3. cxd5 cxd5 4. Nc3 Nc6 5. Bf4 Nf6 6. e3 e6 7. Bd3 Bd6 8. Bg3
O-O 9. Nf3 Bxg3 10. hxg3 h6 11. Ne5 Qb6 12. Qe2 Nxe5 13. dxe5 Nd7 14. Rxh6 gxh6
15. Qg4+ Kh8 16. Qh4 Kg7 17. Qg4+ Kh8 18. Qh4 Kg7 19. Qg4+ 1/2-1/2

[Event "10th Zudov Mem 2014"]
[Site "Nizhny Tagil RUS"]
[Date "2014.09.12"]
[Round "2.2"]
[White "Goganov, Aleksey"]
[Black "Vokarev, Sergey"]
[Result "1-0"]
[WhiteTitle "GM"]
[BlackTitle "GM"]
[WhiteElo "2608"]
[BlackElo "2437"]
[WhiteFideId "24109959"]
[BlackFideId "4119711"]
[EventDate "2014.09.11"]

1. Nf3 Nf6 2. c4 g6 3. Nc3 Bg7 4. e4 c5 5. d4 cxd4 6. Nxd4 Nc6 7. Be3 O-O 8. Be2
b6 9. O-O Bb7 10. f3 Nh5 11. Nxc6 dxc6 12. f4 Nf6 13. e5 Nd7 14. Bg4 f5 15. Bf3
Qc7 16. b4 Nxe5 17. fxe5 Qxe5 18. Bd2 Rad8 19. Rc1 Rd3 20. Nb1 Rfd8 21. Qc2 Qd6
22. Bd5+ Rxd5 23. cxd5 Qxd5 24. Qb3 Bd4+ 25. Kh1 c5 26. bxc5 bxc5 27. Qxd5+ Bxd5
28. Rfe1 e5 29. Be3 e4 30. Nc3 Bc6 31. Red1 Kf7 32. Bxd4 cxd4 33. Ne2 d3 34.
Rxc6 dxe2 35. Re1 Rd1 36. Rc1 Rd2 37. g3 Rxa2 38. Kg2 g5 39. Kf2 h5 40. Rxe2 Ra3
41. Rc5 Ke6 42. Kg2 g4 43. Rf2 1-0

[Event "10th Zudov Mem 2014"]
[Site "Nizhny Tagil RUS"]
[Date "2014.09.12"]
[Round "2.3"]
[White "Ivanov, Andrew"]
[Black "Savchenko, Boris"]
[Result "1-0"]
[WhiteTitle "IM"]
[BlackTitle "GM"]
[WhiteElo "2407"]
[BlackElo "2608"]
[WhiteFideId "4188080"]
[BlackFideId "4147332"]
[EventDate "2014.09.11"]

1. d4 e6 2. c4 Nf6 3. Nc3 d5 4. cxd5 exd5 5. Bf4 c5 6. Nf3 Nc6 7. e3 a6 8. Be2
Be6 9. O-O c4 10. Ne5 Rc8 11. Bf3 b5 12. e4 dxe4 13. Nxc6 Rxc6 14. Nxe4 Nd5 15.
Be5 f6 16. Bg3 Kf7 17. a4 b4 18. Re1 Qd7 19. Rc1 Be7 20. h3 Rhc8 21. a5 b3 22.
Nc3 Nxc3 23. Rxc3 Bd5 24. Bg4 f5 25. Bxf5 Qxf5 26. Re5 Qd7 27. Qh5+ Kg8 28. Rxd5
Qb7 29. Qd1 Bb4 30. Rf3 Bf8 31. Rdf5 Rg6 32. Kh2 Bd6 33. d5 Qd7 34. Qd4 Bxg3+
35. fxg3 c3 36. Qb4 h6 37. bxc3 Qb5 38. Rf8+ Rxf8 39. Rxf8+ Kh7 40. Qxb5 axb5
41. Rb8 1-0

[Event "10th Zudov Mem 2014"]
[Site "Nizhny Tagil RUS"]
[Date "2014.09.12"]
[Round "2.4"]
[White "Demchenko, Anton"]
[Black "Kanter, Eduard"]
[Result "1/2-1/2"]
[WhiteTitle "GM"]
[BlackTitle "IM"]
[WhiteElo "2588"]
[BlackElo "2401"]
[WhiteFideId "4160258"]
[BlackFideId "4103963"]
[EventDate "2014.09.11"]

1. e4 c5 2. Nf3 d6 3. d4 cxd4 4. Nxd4 Nf6 5. Nc3 g6 6. Be3 Bg7 7. f3 O-O 8. Qd2
Nc6 9. Bc4 Bd7 10. O-O-O Rb8 11. Bb3 Na5 12. g4 b5 13. Bh6 Bxh6 14. Qxh6 b4 15.
Nd5 Nxb3+ 16. Nxb3 Nxd5 17. exd5 Rb6 18. h4 e5 19. Nd2 Ra6 20. Ne4 f5 21. Ng5
Qe7 22. h5 Rf6 23. Kb1 Qg7 24. hxg6 Qxh6 25. Rxh6 Rxg6 26. Rxh7 Be8 27. Rdh1
Rxg5 28. Rh8+ Kf7 29. R1h7+ Kg6 30. Rh6+ Kg7 31. R6h7+ Kg6 32. Rh6+ Kg7 33.
R6h7+ Kg6 34. Rh6+ Kg7 35. R6h7+ Kg6 36. Rh6+ Kg7 37. R6h7+ Kg6 38. Rh6+ Kg7 39.
R6h7+ Kg6 40. Rh6+ Kg7 1/2-1/2

[Event "10th Zudov Mem 2014"]
[Site "Nizhny Tagil RUS"]
[Date "2014.09.12"]
[Round "2.5"]
[White "Khegay, Dmitriy"]
[Black "Bocharov, Dmitry"]
[Result "1/2-1/2"]
[WhiteTitle "FM"]
[BlackTitle "GM"]
[WhiteElo "2375"]
[BlackElo "2575"]
[WhiteFideId "24153729"]
[BlackFideId "4138716"]
[EventDate "2014.09.11"]

1. d4 Nf6 2. c4 e6 3. Nc3 Bb4 4. Qb3 c5 5. dxc5 Bxc5 6. Nf3 O-O 7. Bg5 Be7 8. e3
b6 9. Be2 Bb7 10. O-O d6 11. Rfd1 Nbd7 12. Qc2 a6 13. Rac1 Qc7 14. Qb1 Rac8 15.
Nd2 Ne5 16. Bf4 Qc6 17. e4 Rfe8 18. h3 Qc7 19. Be3 Nfd7 20. f4 Ng6 21. Nf3 Qb8
22. b4 Bf8 23. a3 Nf6 24. Nd2 Ba8 25. Rf1 e5 26. f5 Nf4 27. Bf3 b5 28. Nd5 bxc4
29. Nxf6+ gxf6 30. Bxf4 Qb6+ 31. Kh1 c3 32. Qd3 cxd2 33. Bxd2 Bc6 34. Qb3 Qb7
35. Rfe1 Qd7 36. Qd3 Bb5 37. Qd5 Bc6 38. Qd3 Bb5 39. Qd5 Bc6 40. Qd3 1/2-1/2

[Event "10th Zudov Mem 2014"]
[Site "Nizhny Tagil RUS"]
[Date "2014.09.12"]
[Round "2.6"]
[White "Maletin, Pavel"]
[Black "Solovjev, Nikolay2"]
[Result "1-0"]
[WhiteTitle "GM"]
[BlackTitle "FM"]
[WhiteElo "2570"]
[BlackElo "2311"]
[WhiteFideId "4146786"]
[BlackFideId "24112127"]
[EventDate "2014.09.11"]

1. d4 Nf6 2. c4 d6 3. Nf3 g6 4. g3 Bg7 5. Bg2 O-O 6. O-O c6 7. Nc3 Qa5 8. e4 Bg4
9. h3 Bxf3 10. Bxf3 Nbd7 11. Rb1 e5 12. d5 cxd5 13. cxd5 Rfc8 14. b4 Qd8 15. Qb3
Nb6 16. Be2 Rxc3 17. Qxc3 Nxe4 18. Qd3 f5 19. Be3 Nf6 20. Rfd1 Kh8 21. Qb3 Qd7
22. Bf1 Rc8 23. Rbc1 Rf8 24. a4 f4 25. gxf4 exf4 26. Bxf4 Ne4 27. Be3 Nxa4 28.
Rc4 Nf6 29. Qc2 Ne8 30. Rc8 Nb6 31. Rb8 Qf7 32. Qe4 Nf6 33. Qe6 Qxe6 34. Rxf8+
Bxf8 35. dxe6 Nfd5 36. Bxb6 Nxb6 37. Rc1 Nd5 38. Bg2 Ne7 39. Rc7 b5 40. Rxa7 Kg7
41. Bf1 Kf6 42. Bxb5 Kxe6 43. Bd7+ Kd5 44. b5 Kc5 45. Ra6 Bh6 46. b6 Nc6 47. b7
Nb8 48. Ra8 Nxd7 49. Rd8 Kd5 1-0

[Event "10th Zudov Mem 2014"]
[Site "Nizhny Tagil RUS"]
[Date "2014.09.12"]
[Round "2.7"]
[White "Novoselov, Roman"]
[Black "Shomoev, Anton"]
[Result "1/2-1/2"]
[BlackTitle "GM"]
[WhiteElo "2225"]
[BlackElo "2568"]
[WhiteFideId "4135067"]
[BlackFideId "4135148"]
[EventDate "2014.09.11"]

1. e4 c5 2. Nc3 d6 3. g3 Nc6 4. Bg2 g6 5. f4 Bg7 6. Nf3 Nf6 7. d3 O-O 8. O-O Rb8
9. h3 b5 10. g4 b4 11. Ne2 Bb7 12. Be3 Nd7 13. Qc1 e6 14. f5 Re8 15. Bh6 Bh8 16.
Ng5 Nde5 17. Qf4 exf5 18. exf5 Qd7 19. Ne4 Qe7 20. fxg6 hxg6 21. Bg5 Qf8 22. Bh6
Qe7 23. Bg5 Qf8 24. Bh6 Qe7 25. Bg5 Qf8 26. Bh6 Qe7 27. Bg5 Qf8 28. Bh6 1/2-1/2